| 000 | 00850nam a2200265 p 4500 | ||
|---|---|---|---|
| 001 | 3639055 | ||
| 003 | ARRUPE | ||
| 005 | 20161024154546.0 | ||
| 008 | 750317s1974 sw af 000 0 eng | ||
| 010 | _a 75315070 | ||
| 015 | _aS74-39 | ||
| 020 |
_a9185214019 : _ckr23.50 |
||
| 040 |
_aDLC _cDLC _dDLC |
||
| 043 | _af-bs--- | ||
| 050 | 0 | 0 | _aLC67.B55V36 |
| 082 | 0 | 0 | _a373.68/1 |
| 100 | 1 |
_aVan Rensburg, Patrick. _926933 |
|
| 245 | 1 | 0 |
_aReport from Swaneng Hill : _beducation and employment in an African country / _cby Patrick van Rensburg. |
| 260 |
_aUppsala _bThe Dag Hammarskjöld Foundation _c1974. |
||
| 300 |
_a235 p.; _bill. ; _c23 cm. |
||
| 650 | 0 |
_aEducation _xEconomic aspects _zBotswana. _926934 |
|
| 710 | 2 |
_aDag Hammarskjöld Foundation. _926935 |
|
| 906 |
_a7 _bcbc _corignew _d3 _encip _f19 _gy-gencatlg |
||
| 942 |
_2lcc _cMONOGRAPH |
||
| 999 |
_c125562 _d125562 |
||